On This Day: February 16th II Quiz Stats

 Plays Quiz Updated Feb 19, 2018

Score 0/7 Timer 03:00
0 Plays Today
Question Answer Wrong Answers
The last MASH, or ______, is decommissioned by the US Army.
2006
Mobile Army Surgical Hospital
92%
Moving American Safe House
1.5%
Medical Arms Support Healers
3.4%
Movable Aid Safety Horde
1%
Howard Carter unseals the burial chamber of Pharaoh ______.
1923
Tutankhamun
90.2%
Nefertiti
2%
Ramesses II
6.2%
Amenhotep III
1.3%
This celebrated American tennis player, known for his shot-making artistry and his confrontational on-court behavior, is born.
1959
John McEnroe
86.7%
Björn Borg
2.7%
Jimmy Connors
7.8%
Rod Laver
1.3%
The ______ Civil War ends with the defeat of the Social Democrats and the Republikanischer Schutzbund.
1934
Austrian
67.2%
Polish
19.3%
Lithuanian
7.6%
Estonian
4.9%
This sports league cancels the entire 2004-05 regular season and playoffs due to a labor dispute.
2005
NHL
52.6%
NBA
9.9%
MLB
23.9%
NFL
11.6%
Nicaraguan ______ founder and leader Enrique Bermúdez is assassinated in Managua.
1991
Contras
39.7%
Sandinistas
40.2%
FARC
7.1%
Zapatistas
11.2%
This man becomes British Prime Minister, considered to have been Britain's second Prime Minister after Sir Robert Walpole.
1742
Spencer Compton
20.9%
William Cavendish
46.7%
John Stuart
13.1%
George Grenville
19.2%

You're not logged in!

Compare scores with friends on all Sporcle quizzes.
OR
Log In

Sporcle TV

Today on Sporcle TV


Watch our educational content, quiz creation guides, and fun videos on Sporcle TV.

Show Comments

Extras

Top Quizzes Today


Score Distribution

Your Account Isn't Verified!

In order to create a playlist on Sporcle, you need to verify the email address you used during registration. Go to your Sporcle Settings to finish the process.

Report this User

Report this user for behavior that violates our Community Guidelines.

Details: